ՀՀ Գիտությունների ազգային ակադեմիայի հիմնարար գիտական գրադարան  =   Fundamental Scientific Library of NAS RA

Կաղնին ժայռի վրա : (Record no. 93718)

MARC details
000 -LEADER
fixed length control field 00758nam a2200205 a 4500
001 - CONTROL NUMBER
control field 000259521
003 - CONTROL NUMBER IDENTIFIER
control field AM-YeHGA
005 - DATE AND TIME OF LATEST TRANSACTION
control field 20250618071735.0
008 - FIXED-LENGTH DATA ELEMENTS--GENERAL INFORMATION
fixed length control field 030908s1973 aj |||||||||||||||1|arm|d
040 ## - CATALOGING SOURCE
Original cataloging agency AM-YeHGA
041 0# - LANGUAGE CODE
Language code of text/sound track or separate title arm
090 ## - LOCALLY ASSIGNED LC-TYPE CALL NUMBER (OCLC); LOCAL CALL NUMBER (RLIN)
-- 95018
100 1# - MAIN ENTRY--PERSONAL NAME
Personal name Բեգլարյան, Հրաչյա Միքայելի,
Dates associated with a name 1934-2009
9 (RLIN) 9437
245 10 - TITLE STATEMENT
Title Կաղնին ժայռի վրա :
Remainder of title [Բանաստեղծություններ] /
Statement of responsibility, etc. Հ. Բեգլարյան ; Խմբ.՝ Գ. Աղաջանյան.
260 ## - PUBLICATION, DISTRIBUTION, ETC.
Place of publication, distribution, etc. Բաքու :
Name of publisher, distributor, etc. Ադրբեջանի պետհրատ,
Date of publication, distribution, etc. 1973.
300 ## - PHYSICAL DESCRIPTION
Extent 55 էջ ;
Dimensions 17 սմ.
650 14 - SUBJECT ADDED ENTRY--TOPICAL TERM
Topical term or geographic name entry element Հայ գրականություն
700 1# - ADDED ENTRY--PERSONAL NAME
Personal name Աղաջանյան, Գևորգ Միքայելի,
Dates associated with a name 1931-
Relator term խմբ.
Relationship edt
9 (RLIN) 8890
942 ## - ADDED ENTRY ELEMENTS (KOHA)
Source of classification or shelving scheme Universal Decimal Classification
Koha item type Գրքեր / Books
Holdings
Withdrawn status Lost status Damaged status Not for loan Collection Home library Current library Date acquired Total checkouts Full call number Barcode Date last seen Price effective from Koha item type Public note
        General Fundamental Scientific Library Fundamental Scientific Library 22/12/2016   AI/12447 FL0051574 22/12/2016 22/12/2016 Գրքեր / Books 30 Days Loan


ՀՀ ԳԱԱ հիմնարար գիտական գրադարան
ՀՀ,Երևան 0019
Մարշալ Բաղրամյան 24/6
հեռախոս:(374-10) 52-47-50
Հետադարձ կապ

All site content, except where otherwise noted, is licensed under a
Creative Commons License